Missing Word: '80s Animated Movies Quiz Stats

 Plays Quiz Updated Aug 21, 2018

Score 0/22 Timer 03:00
0 Plays Today
Movie Missing Word % Correct
The Fox and the ____Hound
95.6%
The ____ MermaidLittle
95.2%
All Dogs Go to ____Heaven
94.7%
The Great ____ DetectiveMouse
90.4%
The ____ Before TimeLand
89.1%
Bon Voyage, Charlie ____ (and Don't Come Back!!)Brown
85.3%
The Care ____ MovieBears
84.3%
My Little ____: The MoviePony
83.6%
An ____ TailAmerican
82.3%
____ & CompanyOliver
65.1%
The Brave Little ____Toaster
60.4%
Movie Missing Word % Correct
The Black ____Cauldron
54.1%
The ____ UnicornLast
52.7%
____ Duck's QuackbustersDaffy
51.9%
The Secret of ____NIMH
50.3%
____ Brite and the Star StealerRainbow
49.1%
____ MetalHeavy
46.4%
Kiki's ____ ServiceDelivery
40.1%
My Neighbor ____Totoro
35.7%
The Return of the ____King
22.4%
The Chipmunk ____Adventure
16.5%
Little ____: Adventures in SlumberlandNemo
15%

Today's Daily Dose

Missing Word
Celine Dion

Word Ladder
Dr. Seuss Books

Quick Pick
Cities in India

Get the Picture
'A' Actresses

You're not logged in!

Compare scores with friends on all Sporcle quizzes.
OR
Log In

Sporcle TV

Today on Sporcle TV


Watch our educational content, quiz creation guides, and fun videos on Sporcle TV.

Show Comments

Extras

Top Quizzes Today


Score Distribution

Your Account Isn't Verified!

In order to create a playlist on Sporcle, you need to verify the email address you used during registration. Go to your Sporcle Settings to finish the process.

Report this User

Report this user for behavior that violates our Community Guidelines.

Details: